000 00275nam a22001217a 4500
008 170731b xxu||||| |||| 00| 0 eng d
041 _aeng
080 _a004
100 _a32
101 _aSHK
245 _aTHE PROGRAMMABLE GATE ARRAY DATA BOOK
_c ALFKE,P
942 _2udc
_cBK
999 _c22216
_d22216